书目信息 |
| 题名: |
千家诗
|
|
| 作者: | 谢枋得 编选 ;苏智恒 主编 | |
| 分册: | ||
| 出版信息: | 延吉 延边大学出版社 2017 |
|
| 页数: | 390页 | |
| 开本: | 24cm | |
| 丛书名: | 国学经典文库 | |
| 单 册: | ||
| 中图分类: | I222.72 | |
| 科图分类: | ||
| 主题词: | 古典诗歌--诗集--中国 | |
| 电子资源: | ||
| ISBN: | 978-7-5688-1884-1 | |
| 000 | 00679nam0 2200241 450 | |
| 001 | 012001006768 | |
| 005 | 20140101154156.0 | |
| 010 | @a978-7-5688-1884-1@dCNY49.80 | |
| 100 | @a20190226d2017 em y0chiy50 ea | |
| 101 | 0 | @achi |
| 102 | @aCN@b220000 | |
| 105 | @ay z 000gy | |
| 106 | @ar | |
| 200 | 1 | @a千家诗@9qian jia shi@b专著@f(宋)谢枋得编选@g苏智恒主编 |
| 210 | @a延吉@c延边大学出版社@d2017 | |
| 215 | @a390页@d24cm | |
| 225 | 1 | @a国学经典文库 |
| 606 | 0 | @a古典诗歌@x诗集@y中国 |
| 690 | @aI222.72@v5 | |
| 701 | 0 | @c(宋)@a谢枋得@9xie fang de@4编选 |
| 702 | 0 | @a苏智恒@9su zhi heng@4主编 |
| 801 | 2 | @aCN@b上海新华@c20191020 |
| 905 | @b1132221-4@dI222.72@e712@f4 | |
| 千家诗/(宋)谢枋得编选/苏智恒主编.-延吉:延边大学出版社,2017 |
| 390页;24cm.-(国学经典文库) |
| ISBN 978-7-5688-1884-1:CNY49.80 |
| ● |
| 相关链接 |
|
|
|
|
正题名:千家诗
索取号:I222.72/712
 
预约/预借
| 序号 | 登录号 | 条形码 | 馆藏地/架位号 | 状态 | 备注 |
| 1 | 1132221 | 211322219 | 第一样本阅览室/ [索取号:I222.72/712] | 在馆 | |
| 2 | 1132222 | 211322228 | 第二借阅区/ [索取号:I222.72/712] | 在馆 | |
| 3 | 1132223 | 211322237 | 第二借阅区/ [索取号:I222.72/712] | 在馆 | |
| 4 | 1132224 | 211322246 | 第二借阅区/ [索取号:I222.72/712] | 在馆 |